| 000 | 005260000a22001810004500 | ||
|---|---|---|---|
| 003 | MACL | ||
| 005 | 20151213171718.0 | ||
| 008 | 151213b xxu||||| |||| 00| 0 eng d | ||
| 040 |
_aMACL _cMACL |
||
| 041 | _aHindi | ||
| 082 | _a741.642 | ||
| 100 |
_aराजीव गर्ग _919847 |
||
| 245 | _aदुस्साहसिक खोज यात्राएं | ||
| 260 |
_bपुस्तक महल _c1995 |
||
| 350 | _a60 | ||
| 650 |
_aचिल्डन बुक _9314 |
||
| 942 |
_cHIN _k741.642 _2ddc |
||
| 999 |
_c19385 _d19385 |
||